Slovenská republika v intenciách vonkajších ekonomických vzťahov
Význam vonkajších ekonomických vzťahov všeobecne, ich úloha, ciele a uplatňovanie v podmienkach SR. Hlavné úlohy, ktoré sa implementujú predovšetkým s úlohou zefektívniť národný systém podporou exportu.
Saved in:
| Main Author: | |
|---|---|
| Format: | Book Chapter |
| Language: | Slovak |
| Subjects: | |
| Tags: |
No Tags, Be the first to tag this record!
|
MARC
| LEADER | 00000nla a2200000 4500 | ||
|---|---|---|---|
| 001 | 0222682 | ||
| 005 | 20240502073639.2 | ||
| 041 | 0 | |a slo | |
| 044 | |a SK | ||
| 245 | 1 | 0 | |a Slovenská republika v intenciách vonkajších ekonomických vzťahov |c Mária Tokárová |
| 520 | |a Význam vonkajších ekonomických vzťahov všeobecne, ich úloha, ciele a uplatňovanie v podmienkach SR. Hlavné úlohy, ktoré sa implementujú predovšetkým s úlohou zefektívniť národný systém podporou exportu. | ||
| 610 | 2 | 0 | |a politika zahraničná |
| 610 | 2 | 0 | |a Slovensko |
| 610 | 2 | 0 | |a spolupráca hospodárska medzinárodná |
| 610 | 2 | 0 | |a vzťahy hospodárske vonkajšie |
| 610 | 2 | 0 | |a konkurencieschopnosť |
| 100 | 1 | |a Tokárová, Mária | |